[Event "Wijk aan Zee"]
[Site "?"]
[Date "2000.??.??"]
[Round "?"]
[White "Leko, P."]
[Black "Timman, J."]
[Result "1/2-1/2"]
[WhiteElo "2725"]
[BlackElo "2655"]
[PlyCount "67"]
[EventDate "2000.??.??"]
[Source "Chess Informant"]
[SourceDate "1999.10.01"]

1. e4 c5 2. Nf3 e6 3. d3 Nc6 4. g3 d5 5. Qe2 Nge7 6. Bg2 g6 7. O-O Bg7 8. e5 h6 9. h4 b6 10. Re1 Bb7 11. c3 Nf5 12. Na3 Qd7 13. Nc2 d4 14. c4 O-O-O 15. Rb1 Bf8 16. Bd2 Kb8 17. a3 Be7 18. b4 Rdg8 19. bxc5 Bxc5 20. Bb4 Bxb4 21. Nxb4 g5 22. h5 Nxb4 23. Rxb4 g4 24. Nd2 Bxg2 25. Kxg2 Ne7 26. Ne4 Qc7 27. Nf6 Rg5 28. c5 Qb7+ 29. Ne4 Nd5 30. Rxd4 Rxe5 31. Qb2 Rc8 32. cxb6 Nxb6 33. Rd8 Rxh5 34. Rxc8+ 1/2-1/2

[Event "Amber-blind 10th"]
[Site "Monte Carlo"]
[Date "2001.03.20"]
[Round "4"]
[White "Leko, Peter"]
[Black "Ljubojevic, Ljubomir"]
[Result "1-0"]
[WhiteElo "2745"]
[BlackElo "2566"]
[PlyCount "95"]
[EventDate "2001.03.17"]
[Source "ChessBase"]
[SourceDate "2001.05.06"]

1. e4 c5 2. Nf3 e6 3. d3 Nc6 4. g3 d5 5. Qe2 Nd4 6. Nxd4 cxd4 7. Bg2 dxe4 8. dxe4 Qa5+ 9. Bd2 Qb6 10. Na3 Qxb2 11. Qb5+ Qxb5 12. Nxb5 Kd8 13. e5 Bc5 14. Ba5+ Bb6 15. Bxb6+ axb6 16. O-O-O Ra4 17. Nxd4 Ke7 18. Kb2 Nh6 19. Kb3 Ra5 20. f4 Nf5 21. Rd3 Rd8 22. Nxf5+ exf5 23. Rxd8 Be6+ 24. c4 Kxd8 25. Rd1+ Kc7 26. Bd5 b5 27. Bxe6 fxe6 28. c5 b4 29. Rd6 Ra3+ 30. Kxb4 Rxa2 31. Rxe6 Rb2+ 32. Kc4 Rc2+ 33. Kd4 Rd2+ 34. Ke3 Rxh2 35. Re7+ Kc6 36. Rxg7 h5 37. Rf7 Rh3 38. Rxf5 Rxg3+ 39. Ke4 h4 40. Rh5 h3 41. e6 Rc3 42. Rh8 h2 43. Rxh2 Rxc5 44. Rd2 Rc1 45. Ke5 Re1+ 46. Kf6 b5 47. e7 b4 48. Kf7 1-0

[Event "Bermuda"]
[Site "Bermuda"]
[Date "2004.01.23"]
[Round "8"]
[White "Vescovi, Giovanni P"]
[Black "Shabalov, Alexander"]
[Result "1-0"]
[WhiteElo "2633"]
[BlackElo "2623"]
[PlyCount "81"]
[EventDate "2004.01.15"]
[Source "ChessBase"]
[SourceDate "2004.03.30"]

1. e4 c5 2. Nf3 e6 3. d3 Nc6 4. g3 Nf6 5. Bg2 d5 6. Qe2 Be7 7. O-O O-O 8. e5 Nd7 9. c4 Nb6 10. b3 a5 11. Na3 a4 12. h4 Bd7 13. Bf4 Nb4 14. Nc2 Nxc2 15. Qxc2 Bc6 16. Nh2 f5 17. exf6 Bxf6 18. Rae1 Bxh4 19. Rxe6 axb3 20. axb3 Qc8 21. Rfe1 Bf6 22. Bd6 Rf7 23. Bxc5 Nd7 24. Bd6 Nf8 25. R6e2 d4 26. Bxf8 Bxg2 27. Kxg2 Qc6+ 28. Kg1 Raxf8 29. Re6 Qd7 30. Qe2 Bd8 31. f4 Ba5 32. Ra1 Bd2 33. Qe4 Be3+ 34. Kg2 h5 35. Rf1 b5 36. Re5 bxc4 37. bxc4 h4 38. Rh5 Rf5 39. Rxf5 Rxf5 40. Ng4 Ra5 41. Rb1 1-0

[Event "Haifa"]
[Site "?"]
[Date "1995.??.??"]
[Round "?"]
[White "Psakhis, L."]
[Black "Smirin, I."]
[Result "1-0"]
[WhiteElo "2625"]
[BlackElo "2630"]
[PlyCount "85"]
[EventDate "1995.??.??"]
[Source "ChessBase"]
[SourceDate "1995.02.01"]

1. e4 c5 2. Nf3 e6 3. d3 Nc6 4. g3 d5 5. Qe2 Nf6 6. Bg2 Be7 7. O-O O-O 8. e5 Nd7 9. c4 d4 10. h4 Kh8 11. Bf4 f6 12. Nbd2 Qe8 13. Bh3 f5 14. Ng5 Bd8 15. Bg2 h6 16. Nh3 Rg8 17. Bxc6 bxc6 18. h5 Nf8 19. Kg2 Bd7 20. Rh1 a5 21. Ng1 Qf7 22. Ndf3 Be8 23. Qc2 Qd7 24. Ne2 Bf7 25. Bd2 Qe8 26. Nf4 Ra7 27. Rae1 Nh7 28. Qd1 Bg5 29. Nxg5 Nxg5 30. b3 Nh7 31. Qc1 Nf8 32. f3 Nd7 33. g4 fxg4 34. fxg4 a4 35. g5 hxg5 36. Ng6+ Kh7 37. Bxg5 axb3 38. axb3 Bxg6 39. hxg6+ Kxg6 40. Qd1 Ra2+ 41. Kg3 Rh8 42. Rxh8 Qxh8 43. Rh1 1-0

[Event "Europa ch 2008"]
[Site "Plovdiv BUL"]
[Date "2008.04.30"]
[Round "9.14"]
[White "Smirin, Ilia"]
[Black "Popov, Ivan"]
[Result "1-0"]
[WhiteElo "2630"]
[BlackElo "2594"]
[PlyCount "73"]
[EventDate "2008.04.21"]
[Source "www.chesslib.no"]
[SourceDate "2004.05.04"]

1. e4 c5 2. Nf3 e6 3. d3 d5 4. Qe2 Nf6 5. g3 Be7 6. Bg2 Nc6 7. O-O b5 8. Re1 O-O 9. Nbd2 b4 10. e5 Nd7 11. Nf1 a5 12. h4 Ba6 13. Bg5 c4 14. Qe3 cxd3 15. cxd3 b3 16. a3 Bxg5 17. hxg5 Rc8 18. Rac1 d4 19. Qd2 Qb6 20. N1h2 Qb5 21. Qf4 Ncxe5 22. Rxc8 Nxf3+ 23. Nxf3 Rxc8 24. Qd6 Qc6 25. Qxc6 Rxc6 26. Nxd4 Rb6 27. Rc1 h6 28. g6 Rd6 29. Nxb3 a4 30. Nc5 fxg6 31. Nxa4 Rxd3 32. Nc3 Nc5 33. Ne4 Nb3 34. Rc6 Bb7 35. Rxe6 Rd1+ 36. Kh2 Bxe4 37. Rxe4 1-0

[Event "Israel - Island"]
[Site "?"]
[Date "1996.??.??"]
[Round "?"]
[White "Psakhis, L."]
[Black "Hjartarson, J."]
[Result "1-0"]
[WhiteElo "2610"]
[BlackElo "2570"]
[PlyCount "81"]
[EventDate "1996.??.??"]
[Source "ChessBase"]
[SourceDate "1996.02.01"]

1. e4 c5 2. Nf3 e6 3. d3 Nc6 4. g3 d5 5. Qe2 Nf6 6. Bg2 Be7 7. O-O b6 8. e5 Nd7 9. c4 d4 10. Ne1 Bb7 11. f4 Qc7 12. Nf3 O-O-O 13. Nbd2 h6 14. Ne4 Rde8 15. a3 f5 16. exf6 gxf6 17. Nf2 Bd8 18. b4 f5 19. b5 Na5 20. Qd1 Rhg8 21. Nh3 Nf6 22. Ne5 h5 23. Bxb7+ Qxb7 24. Nf3 Ng4 25. Nhg5 Bxg5 26. Nxg5 h4 27. gxh4 Rh8 28. h3 Rxh4 29. Ra2 Nf6 30. Rg2 Nh7 31. Rg3 Rg8 32. Rff3 Qd7 33. Bd2 Nxg5 34. Rxg5 Rxg5+ 35. fxg5 Nb7 36. Qe1 Rh7 37. Bf4 Kd8 38. Qe5 Ke8 39. g6 Rg7 40. Rg3 Rg8 41. h4 1-0

[Event "Aars get2net Cup GM"]
[Site "Aars"]
[Date "1999.10.22"]
[Round "7"]
[White "Fedorov, Alexei"]
[Black "Dydyshko, Viacheslav"]
[Result "1-0"]
[WhiteElo "2659"]
[BlackElo "2521"]
[PlyCount "65"]
[EventDate "1999.10.18"]
[Source "ChessBase"]
[SourceDate "2000.02.01"]

1. e4 c5 2. Nf3 e6 3. d3 d5 4. Qe2 Nc6 5. g3 Nf6 6. Bg2 Be7 7. O-O b6 8. e5 Nd7 9. c4 d4 10. Nfd2 Bb7 11. f4 Qc7 12. Ne4 a6 13. Nbd2 O-O-O 14. a3 h6 15. b4 Kb8 16. Nb3 Ka7 17. Bd2 Ra8 18. Rfb1 f5 19. exf6 gxf6 20. b5 Nd8 21. a4 f5 22. a5 fxe4 23. axb6+ Nxb6 24. Bxe4 Kb8 25. Ba5 Kc8 26. Bxb7+ Qxb7 27. Qe5 Rf8 28. Nxc5 Qa7 29. Nxe6 Nd7 30. Qe2 Rf6 31. Bxd8 Bxd8 32. Rxa6 Rxe6 33. Qxe6 1-0

[Event "Mind Sports Games - Blitz Pair"]
[Site "Pechino CINA"]
[Date "2008.10.08"]
[Round "10"]
[White "Paragua, M."]
[Black "Zhang Zhong"]
[Result "0-1"]
[WhiteElo "2526"]
[BlackElo "2649"]
[PlyCount "100"]
[EventDate "2008.10.08"]
[Source "www.chesslib.no"]
[SourceDate "2004.05.04"]

1. e4 c5 2. Nf3 e6 3. d3 Nc6 4. g3 d5 5. Qe2 Nf6 6. Bg2 Be7 7. O-O b5 8. exd5 exd5 9. a4 b4 10. d4 O-O 11. dxc5 Bxc5 12. Nbd2 Qb6 13. Ne1 Re8 14. Qd1 Ba6 15. Nd3 Ne5 16. a5 Qc7 17. Nb3 Bd6 18. Be3 Rac8 19. Rc1 Bc4 20. Bd4 Nfd7 21. Re1 h6 22. Nxe5 Nxe5 23. Nd2 Bb5 24. Nb3 a6 25. Kh1 Bc4 26. Qd2 Nc6 27. Bb6 Qb8 28. Bxd5 Ne5 29. Bg2 Be6 30. Bd4 Nc4 31. Qd3 Bf8 32. Be4 Red8 33. Qf3 Nxa5 34. Nxa5 Rxd4 35. Nc6 Rxc6 36. Bxc6 a5 37. Be4 a4 38. c3 Rd2 39. cxb4 Rxb2 40. Bd5 Bxd5 41. Qxd5 Rxb4 42. Kg1 a3 43. Ra1 Rb2 44. Kg2 Qa7 45. Reb1 Qxf2+ 46. Kh3 Qxh2+ 47. Kg4 h5+ 48. Kf4 Rf2+ 49. Ke3 Qxg3+ 50. Ke4 Rf4+ 0-1

[Event "VII Gibtelecom Masters"]
[Site "Caleta ING"]
[Date "2009.02.04"]
[Round "9"]
[White "Pavlovic, Milos"]
[Black "Avrukh, B."]
[Result "0-1"]
[WhiteElo "2520"]
[BlackElo "2645"]
[PlyCount "80"]
[EventDate "2009.01.27"]
[Source "www.chesslib.no"]
[SourceDate "2004.05.04"]

1. e4 c5 2. Nf3 e6 3. g3 Nc6 4. Bg2 Nf6 5. d3 d5 6. Qe2 Be7 7. O-O b5 8. Bf4 h6 9. Re1 g5 10. exd5 exd5 11. Be5 O-O 12. c4 bxc4 13. dxc4 Ba6 14. Nc3 Bxc4 15. Qd1 Nb4 16. h4 Nd3 17. hxg5 hxg5 18. Re3 Nxf2 19. Qc2 N6g4 20. Ree1 Bd3 21. Qb3 c4 22. Qb5 Ne4 23. Bd4 Nxc3 24. bxc3 Rb8 25. Qc6 Bf6 26. Ne5 Nxe5 27. Bxe5 Qb6+ 28. Qxb6 Rxb6 29. Bxd5 Kg7 30. a4 Rd8 31. Bf3 Re6 32. Bxf6+ Rxf6 33. Kg2 Rb8 34. Ra2 Rb3 35. Re5 Rf5 36. Rxf5 Bxf5 37. Re2 Rxc3 38. Re7 Rc2+ 39. Kf1 c3 40. Rxa7 Bd3+ 0-1

[Event "FRA-chT"]
[Site "France"]
[Date "2002.05.04"]
[Round "11.3"]
[White "Kazhgaleyev, Murtas"]
[Black "Andersson, Ulf"]
[Result "1-0"]
[WhiteElo "2561"]
[BlackElo "2598"]
[PlyCount "93"]
[EventDate "2002.02.01"]
[Source "ChessBase"]
[SourceDate "2002.07.08"]

1. e4 c5 2. Nf3 e6 3. d3 Nc6 4. g3 d5 5. Qe2 Nge7 6. Bg2 dxe4 7. dxe4 Nd4 8. Nxd4 cxd4 9. O-O e5 10. c3 Nc6 11. cxd4 Nxd4 12. Qd1 Bc5 13. Nc3 O-O 14. Nd5 Be6 15. Be3 Rc8 16. Rc1 Qd6 17. f4 f6 18. Kh1 Bb6 19. Qh5 Rxc1 20. Bxc1 Bf7 21. Qd1 Be6 22. b3 Bc5 23. g4 Rc8 24. g5 fxg5 25. b4 Bb6 26. fxe5 Qd7 27. Bxg5 Re8 28. Qe1 Nc6 29. Qg3 Bxd5 30. exd5 Nxe5 31. d6 h6 32. Be7 Rxe7 33. dxe7 Qxe7 34. Bd5+ Kh7 35. Qf4 h5 36. Qe4+ Kh6 37. Qf4+ Kh7 38. Qf8 Bd8 39. Qxe7 Bxe7 40. Re1 Bd6 41. Bxb7 g5 42. b5 Kg7 43. a4 Nd3 44. Re6 Bb4 45. Be4 Kf8 46. Bf5 h4 47. Ra6 1-0

[Event "Kuppenheim op g/5"]
[Site "?"]
[Date "2003.05.24"]
[Round "40"]
[White "McShane Luke J"]
[Black "Bischoff Klaus"]
[Result "1-0"]
[WhiteElo "2592"]
[BlackElo "2564"]
[PlyCount "71"]
[EventDate "2003.??.??"]
[Source "www.chesslib.no"]
[SourceDate "2004.05.04"]

1. e4 c5 2. Nf3 e6 3. d3 Nc6 4. g3 d5 5. Qe2 Nf6 6. Bg2 Be7 7. O-O O-O 8. e5 Ne8 9. c4 Nc7 10. Nc3 Nd4 11. Nxd4 cxd4 12. Nb1 b5 13. cxd5 Nxd5 14. Nd2 Bb7 15. Ne4 Rc8 16. h4 Qb6 17. Bg5 Bxg5 18. hxg5 Nb4 19. a3 Bxe4 20. Bxe4 Nc6 21. f4 Ne7 22. Kg2 g6 23. Rh1 Rc7 24. Kf3 Nf5 25. Qh2 h5 26. gxh6 Kh7 27. g4 Ne3 28. Qh4 Qb8 29. Qf6 Rg8 30. Rac1 Qc8 31. Rxc7 Qxc7 32. Kg3 a5 33. b3 b4 34. axb4 axb4 35. Ra1 Qd7 36. Ra8 1-0

[Event "Moscow Aeroflot op"]
[Site "Moscow"]
[Date "2002.02.09"]
[Round "7"]
[White "Vescovi, Giovanni P"]
[Black "Sveshnikov, Evgeny"]
[Result "1-0"]
[WhiteElo "2590"]
[BlackElo "2565"]
[PlyCount "195"]
[EventDate "2002.02.04"]
[Source "ChessBase"]
[SourceDate "2002.03.21"]

1. e4 c5 2. Nf3 e6 3. d3 Nc6 4. g3 d5 5. Qe2 Nf6 6. Bg2 Be7 7. O-O O-O 8. e5 Ne8 9. c4 Nc7 10. h4 b5 11. b3 Ba6 12. Na3 Qe8 13. Rd1 Rd8 14. Bb2 Nb4 15. Nh2 bxc4 16. dxc4 d4 17. Bc1 f5 18. Qf3 Rb8 19. Bf4 h6 20. Bd2 Bb7 21. Qe2 d3 22. Qf1 Bxg2 23. Qxg2 Rd8 24. Nf3 Qc6 25. Ne1 Qa6 26. Bxb4 cxb4 27. Nb1 Bc5 28. a4 bxa3 29. Rxd3 Qa5 30. Nxa3 Rxd3 31. Nxd3 Qc3 32. Qf1 Bxa3 33. Rxa3 Rd8 34. Nf4 Qc2 35. Rxa7 Rd1 36. Rxc7 Rxf1+ 37. Kxf1 g5 38. hxg5 hxg5 39. Nxe6 Qb1+ 40. Kg2 Qe4+ 41. Kh2 Qxe5 42. Rc8+ Kf7 43. Nxg5+ Kf6 44. Rc6+ Kg7 45. Nh3 Qb8 46. Rc5 Qxb3 47. Rxf5 Qxc4 48. g4 Qf1 49. Kg3 Qe1 50. Kh4 Qe7+ 51. g5 Qe4+ 52. Rf4 Qh7+ 53. Kg4 Qd3 54. Rf3 Qd7+ 55. Kh4 Qd1 56. Rf6 Qd4+ 57. Kg3 Qe5+ 58. Kg4 Qe2+ 59. Rf3 Qe6+ 60. Kg3 Qe5+ 61. Kg2 Qe6 62. Rg3 Qe4+ 63. Kh2 Kg6 64. Re3 Qg4 65. f3 Qd4 66. Re4 Qd2+ 67. Kg3 Qc1 68. Kh4 Qh1 69. Re3 Kf5 70. f4 Kg6 71. Re6+ Kf7 72. f5 Qf3 73. Re5 Kg7 74. Re7+ Kh8 75. f6 Kg8 76. Re1 Kf7 77. Rg1 Kg6 78. Rg4 Qh1 79. Rf4 Qe1+ 80. Rf2 Kf7 81. Kh5 Qd1+ 82. Kh4 Qe1 83. Kg4 Qe6+ 84. Kg3 Qe3+ 85. Rf3 Qe5+ 86. Kh4 Qe4+ 87. Kg3 Qe1+ 88. Kg4 Qe6+ 89. Kh5 Qe4 90. Rf4 Qh7+ 91. Kg4 Qd3 92. Rf3 Qd1 93. Nf4 Qg1+ 94. Rg3 Qd1+ 95. Kh4 Qh1+ 96. Rh3 Qf1 97. Kg4 Qd1+ 98. Rf3 1-0

[Event "Camp. svizzero a sq. - Zurigo-Losanna"]
[Site "Svizzera"]
[Date "2008.03.02"]
[Round "1.1"]
[White "Bauer, Christian"]
[Black "Chernuschevich, Alexei"]
[Result "1/2-1/2"]
[WhiteElo "2624"]
[BlackElo "2520"]
[PlyCount "88"]
[EventDate "2008.03.02"]
[Source "www.chesslib.no"]
[SourceDate "2004.05.04"]

1. e4 c5 2. Nf3 e6 3. d3 Nc6 4. g3 d5 5. Qe2 Nf6 6. Bg2 Be7 7. O-O O-O 8. e5 Nd7 9. c4 Nb6 10. Bf4 Bd7 11. h4 f5 12. exf6 Bxf6 13. Nc3 Re8 14. Ne5 Nxe5 15. Bxe5 Bc6 16. Rad1 Bxe5 17. Qxe5 Qf6 18. Rfe1 Rad8 19. b3 Nd7 20. Qxf6 Nxf6 21. Re5 Kf7 22. Rde1 Rd6 23. Bh3 h6 24. f4 dxc4 25. dxc4 Rd3 26. R1e3 Rxe3 27. Rxe3 Re7 28. Kf2 b6 29. g4 Ne8 30. Re5 Nc7 31. Ke3 Rd7 32. Bf1 Ne8 33. Bh3 Rd6 34. g5 Nc7 35. Bg4 Rd4 36. Bh5+ Ke7 37. Bf3 Bxf3 38. Kxf3 hxg5 39. hxg5 Ne8 40. Ke3 Nd6 41. Nb5 Nxb5 42. cxb5 Kd6 43. Re4 Kd5 44. Re5+ Kd6 1/2-1/2

[Event "Clarin GP1 Boca Juniors"]
[Site "Boca"]
[Date "1997.??.??"]
[Round "7"]
[White "Rodriguez, Andres"]
[Black "Ricardi, Pablo"]
[Result "1/2-1/2"]
[WhiteElo "2565"]
[BlackElo "2575"]
[PlyCount "88"]
[EventDate "1997.04.26"]
[Source "ChessBase"]
[SourceDate "1997.07.29"]

1. e4 c5 2. Nf3 e6 3. d3 Nc6 4. g3 d5 5. Qe2 Nf6 6. Bg2 Be7 7. O-O b6 8. e5 Nd7 9. c4 d4 10. h4 Bb7 11. Re1 h6 12. h5 Qc7 13. Na3 a6 14. Nc2 b5 15. cxb5 axb5 16. b4 Nxb4 17. Nxb4 cxb4 18. Nxd4 Bxg2 19. Kxg2 Qb7+ 20. Qf3 Qxf3+ 21. Kxf3 O-O 22. Nc6 Bc5 23. Be3 Rfc8 24. Bxc5 Rxc6 25. Bxb4 Rc2 26. a3 Rac8 27. Bd6 R8c3 28. Red1 Nb6 29. Bb4 Rc8 30. Rd2 R2c6 31. Rb1 Nd7 32. Ke4 f6 33. f4 fxe5 34. fxe5 Nb6 35. Bd6 Nd5 36. Kf3 Rb6 37. Rdb2 Rb7 38. Kg2 Rf7 39. Rf2 Ne3+ 40. Kg1 Nf5 41. g4 Nxd6 42. exd6 Rd7 43. Rxb5 Rxd6 44. Rf3 Rcd8 1/2-1/2

[Event "GM cat.14 Halhidiki"]
[Site "GM cat.14 Halhidiki"]
[Date "1992.??.??"]
[Round "?"]
[White "Psakhis, Lev B"]
[Black "Khenkin, Igor"]
[Result "1/2-1/2"]
[WhiteElo "2605"]
[BlackElo "2530"]
[PlyCount "41"]
[EventDate "1992.??.??"]
[Source "www.chesslib.no"]
[SourceDate "2004.05.04"]

1. e4 c5 2. Nf3 e6 3. d3 Nc6 4. g3 d5 5. Qe2 Nge7 6. Bg2 g6 7. O-O Bg7 8. e5 Qc7 9. Re1 Nd4 10. Nxd4 cxd4 11. c4 dxc4 12. dxc4 Bd7 13. Nd2 Bc6 14. Bxc6+ Nxc6 15. Nf3 d3 16. Qe4 Nb4 17. Nd4 Qxc4 18. Nxe6 Qxe6 19. Qxb7 O-O 20. Qxb4 Rab8 21. Qa5 1/2-1/2

[Event "Principe Open"]
[Site "Principe op"]
[Date "1992.??.??"]
[Round "?"]
[White "Bronstein, David I"]
[Black "Shirov, Alexei D"]
[Result "0-1"]
[WhiteElo "2465"]
[BlackElo "2655"]
[PlyCount "63"]
[EventDate "1992.??.??"]
[Source "www.chesslib.no"]
[SourceDate "2004.05.04"]

1. e4 c5 2. Nf3 e6 3. d3 Nc6 4. g3 d5 5. Qe2 Nge7 6. Bg2 g6 7. O-O Bg7 8. e5 O-O 9. Re1 b5 10. Bf4 Nf5 11. c3 h6 12. h4 f6 13. exf6 Qxf6 14. Ne5 g5 15. hxg5 hxg5 16. Ng4 Qg6 17. Bc1 Bd7 18. Nd2 b4 19. Nf3 bxc3 20. Nfe5 Nxe5 21. Nxe5 Bxe5 22. Qxe5 Nd4 23. bxc3 Nc2 24. Be3 Rac8 25. Qd6 Nxa1 26. Rxa1 Rf7 27. Bxc5 Qxd3 28. Bd4 Qf5 29. Re1 Rcf8 30. Re5 Qb1+ 31. Bf1 Rg7 32. a4 0-1

[Event "4th IECC"]
[Site "Istanbul"]
[Date "2003.06.01"]
[Round "3"]
[White "Fedorov, Alexei"]
[Black "Meijers, Viesturs"]
[Result "1-0"]
[WhiteElo "2604"]
[BlackElo "2512"]
[PlyCount "53"]
[EventDate "2003.05.30"]
[Source "Roberto Alvarez"]
[SourceDate "2003.06.23"]

1. e4 c5 2. Nf3 e6 3. d3 d5 4. Qe2 Nf6 5. g3 Be7 6. Bg2 Nc6 7. O-O h6 8. Na3 b6 9. e5 Nd7 10. c4 d4 11. Nd2 Bb7 12. f4 a6 13. Ne4 Qc7 14. Nc2 h5 15. h3 O-O-O 16. Bd2 f6 17. exf6 gxf6 18. f5 exf5 19. Rxf5 Rdg8 20. Bf3 Nce5 21. b4 cxb4 22. Rb1 Nc5 23. Nxb4 Qd7 24. Nxc5 bxc5 25. Rxe5 fxe5 26. Qxe5 Kd8 27. Nc6+ 1-0

[Event "FRA-chT"]
[Site "France"]
[Date "2002.05.04"]
[Round "11.2"]
[White "Glek, Igor V"]
[Black "Belkhodja, Slim"]
[Result "1/2-1/2"]
[WhiteElo "2601"]
[BlackElo "2506"]
[PlyCount "72"]
[EventDate "2002.02.01"]
[Source "ChessBase"]
[SourceDate "2002.07.08"]

1. e4 c5 2. Nf3 e6 3. d3 Nc6 4. g3 d5 5. Qe2 Nf6 6. Bg2 Be7 7. O-O b5 8. Bg5 O-O 9. e5 Nd7 10. Bxe7 Qxe7 11. c3 a5 12. Nbd2 Ba6 13. Rfe1 a4 14. a3 b4 15. c4 Nb6 16. Rac1 Rad8 17. h4 dxc4 18. Ng5 Nd4 19. Qe4 Nf5 20. Nxc4 Nxc4 21. dxc4 h6 22. Nh3 bxa3 23. bxa3 Qc7 24. Rcd1 Rxd1 25. Rxd1 Nd4 26. Nf4 Rb8 27. Ne2 Bb7 28. Qg4 Bxg2 29. Kxg2 Qc6+ 30. Kh3 Nf3 31. Qf4 g5 32. Qe3 Rb3 33. Nc3 Kg7 34. Rd3 Nd4 35. Ne4 Nf5 36. Qf3 Rxd3 1/2-1/2

[Event "ch-SRB"]
[Site "Mataruska Banja SRB"]
[Date "2008.03.16"]
[Round "2"]
[White "Pikula, D."]
[Black "Damljanovic, B."]
[Result "1-0"]
[WhiteElo "2524"]
[BlackElo "2582"]
[PlyCount "171"]
[EventDate "2008.03.15"]
[Source "www.chesslib.no"]
[SourceDate "2004.05.04"]

1. e4 c5 2. Nf3 e6 3. d3 Nc6 4. g3 d5 5. Qe2 Nf6 6. Bg2 Be7 7. O-O O-O 8. e5 Ne8 9. a4 a6 10. c4 Na5 11. Nbd2 Nc7 12. b3 b5 13. Bb2 Bb7 14. Rfd1 Qd7 15. Bc3 b4 16. Bb2 d4 17. Ne1 Bxg2 18. Kxg2 f5 19. exf6 gxf6 20. f4 Bd6 21. Qh5 Ne8 22. Nef3 Ng7 23. Qg4 Qf7 24. Nh4 f5 25. Qe2 Nh5 26. Rf1 Rae8 27. Rae1 h6 28. Qd1 Kh7 29. Ndf3 Rg8 30. Kf2 Nf6 31. Bc1 Ng4+ 32. Kg1 Nc6 33. Kh1 Qb7 34. Ng2 Nd8 35. Re2 Re7 36. Qe1 Ree8 37. Kg1 Qd7 38. Ngh4 Nf7 39. Qd1 Be7 40. Ng2 Qc6 41. Qe1 Bd8 42. Bd2 Qc8 43. Kh1 Nh8 44. Qd1 Ng6 45. Ree1 Rg7 46. Re2 Reg8 47. Qe1 Nf8 48. Ngh4 Bxh4 49. Nxh4 Qc6+ 50. Nf3 e5 51. fxe5 Ne6 52. Rg2 Ne3 53. Bxe3 dxe3 54. Qxe3 f4 55. Qe1 fxg3 56. Qe4+ Qxe4 57. dxe4 gxh2 58. Rxg7+ Rxg7 59. Kxh2 Rd7 60. Nh4 Rd2+ 61. Kg1 Ng5 62. Rf6 Nxe4 63. Rxa6 Re2 64. Nf5 Nd2 65. Rxh6+ Kg8 66. Rg6+ Kh8 67. e6 Nxb3 68. e7 Nd4 69. Rf6 Nxf5 70. Rf8+ Kg7 71. e8=Q Rxe8 72. Rxe8 Nd6 73. Re5 b3 74. Re3 b2 75. Rb3 Nxc4 76. Kf2 Kf6 77. Ke2 Ke5 78. Kd3 Kd5 79. Kc3 Nd6 80. Rxb2 Kc6 81. Re2 Nb7 82. Re6+ Kd5 83. Rb6 Nd6 84. a5 Nc4 85. Rb5 Nd6 86. Rb8 1-0

[Event "Goodricke op"]
[Site "Calcutta"]
[Date "1997.??.??"]
[Round "7"]
[White "Iuldachev, Saidali"]
[Black "Bischoff, Klaus"]
[Result "1/2-1/2"]
[WhiteElo "2555"]
[BlackElo "2550"]
[PlyCount "78"]
[EventDate "1997.02.??"]
[Source "ChessBase"]

1. e4 c5 2. Nf3 e6 3. d3 Nc6 4. g3 d5 5. Qe2 Nf6 6. Bg2 Be7 7. O-O O-O 8. e5 Ne8 9. h4 b5 10. Bf4 a5 11. c3 Nc7 12. Nbd2 a4 13. Rfd1 Bd7 14. Rac1 Ra6 15. Nf1 d4 16. c4 bxc4 17. dxc4 Rb6 18. Ng5 Bxg5 19. hxg5 Ne7 20. Nh2 Bc6 21. Bxc6 Rxc6 22. Qh5 Ng6 23. Ng4 Qa8 24. Rc2 Rb8 25. f3 Rcb6 26. Bc1 Ne8 27. Rd3 Nf8 28. Nf2 Ng6 29. f4 Nc7 30. Qf3 R8b7 31. Ra3 Qe8 32. Nd3 Na6 33. Rh2 Rc7 34. b3 axb3 35. axb3 Nb4 36. Nxb4 Rxb4 37. Ra8 Rc8 38. Rha2 Nf8 39. Rxc8 Qxc8 1/2-1/2

[Event "Vienna op"]
[Site "Vienna"]
[Date "1996.??.??"]
[Round "7"]
[White "Glek, Igor V"]
[Black "Hall, Jesper"]
[Result "1-0"]
[WhiteElo "2670"]
[BlackElo "2430"]
[PlyCount "59"]
[EventDate "1996.08.??"]
[Source "ChessBase"]

1. e4 c5 2. Nf3 e6 3. d3 Nc6 4. g3 d5 5. Qe2 Nge7 6. h4 b6 7. Bg2 Bb7 8. O-O Qd7 9. e5 h6 10. c3 Nf5 11. Re1 Be7 12. Nbd2 O-O-O 13. Nf1 Rde8 14. N1h2 h5 15. Bd2 Bd8 16. b4 cxb4 17. cxb4 Kb8 18. Qd1 Bc7 19. b5 Nce7 20. a4 d4 21. Rc1 f6 22. Qb3 Ng6 23. a5 Qd5 24. Qa4 Nxe5 25. axb6 Bxb6 26. Bf4 Rc8 27. Rc6 Bxc6 28. bxc6 Qxc6 29. Nxe5 Qxa4 30. Nd7# 1-0

[Event "Selfoss Milk Masters 1st"]
[Site "?"]
[Date "2002.10.16"]
[Round "9"]
[White "McShane Luke J"]
[Black "Oral Tomas"]
[Result "1/2-1/2"]
[WhiteElo "2546"]
[BlackElo "2546"]
[PlyCount "81"]
[EventDate "2002.??.??"]
[Source "www.chesslib.no"]
[SourceDate "2004.05.04"]

1. e4 c5 2. Nf3 e6 3. d3 Nc6 4. g3 d5 5. Qe2 Nf6 6. Bg2 Be7 7. O-O O-O 8. e5 Nd7 9. c4 Re8 10. Re1 Nf8 11. h4 Rb8 12. Nc3 a6 13. Bf4 Nd4 14. Qd2 Nxf3+ 15. Bxf3 d4 16. Ne4 Ng6 17. h5 Nxf4 18. Qxf4 h6 19. b4 b6 20. bxc5 bxc5 21. Rab1 Bd7 22. Kg2 Qc7 23. g4 Bc6 24. Qg3 Rxb1 25. Rxb1 Rb8 26. Rxb8+ Qxb8 27. Nf6+ gxf6 28. Bxc6 fxe5 29. Qf3 Bg5 30. Bb7 Qd6 31. Qc6 Qxc6+ 32. Bxc6 Kg7 33. a4 Kf6 34. Kf3 a5 35. Be8 Bh4 36. Ke2 Ke7 37. Bc6 f5 38. f3 Kf6 39. Bd7 Bg5 40. Bc8 Bf4 41. Bd7 1/2-1/2

[Event "Szirak"]
[Site "Szirak"]
[Date "1986.??.??"]
[Round "?"]
[White "Romanishin, Oleg M"]
[Black "Spraggett, Kevin"]
[Result "1-0"]
[WhiteElo "2560"]
[BlackElo "2525"]
[PlyCount "53"]
[EventDate "1986.09.??"]
[Source "ChessBase"]

1. e4 c5 2. Nf3 e6 3. d3 Nc6 4. g3 d5 5. Qe2 Nf6 6. Bg2 Be7 7. O-O O-O 8. e5 Nd7 9. c4 Nb6 10. Bf4 Bd7 11. h4 Be8 12. Nbd2 Qd7 13. Nb3 Rd8 14. Be3 dxc4 15. dxc4 Na4 16. Rad1 Qc7 17. Bf4 Bd7 18. Ng5 Bc8 19. Be4 h6 20. Bh7+ Kh8 21. Rxd8 Rxd8 22. Bb1 Bf8 23. Nh7 Be7 24. Nf6 Bf8 25. Nh7 Ne7 26. Nxf8 Rxf8 27. Qc2 1-0

[Event "Lausanne Young Masters"]
[Site "Lausanne"]
[Date "2001.05.25"]
[Round "3.2"]
[White "Bruzon Bautista, Lazaro"]
[Black "Volokitin, Andrei"]
[Result "1/2-1/2"]
[WhiteElo "2589"]
[BlackElo "2493"]
[PlyCount "103"]
[EventDate "2001.05.20"]
[Source "ChessBase"]
[SourceDate "2001.07.03"]

1. e4 c5 2. Nf3 e6 3. d3 d5 4. Qe2 Nf6 5. g3 Nc6 6. Bg2 Be7 7. O-O O-O 8. e5 Nd7 9. c4 Nb6 10. h4 Bd7 11. Bf4 Nd4 12. Nxd4 cxd4 13. Nd2 Bc6 14. Rfd1 dxc4 15. dxc4 d3 16. Qg4 Bxg2 17. Bh6 Bf6 18. exf6 Qxf6 19. Bg5 Qg6 20. Kxg2 h6 21. b3 hxg5 22. Qxg5 Qxg5 23. hxg5 a5 24. Nf3 a4 25. Rac1 axb3 26. axb3 Rfd8 27. Rc3 Kf8 28. Rcxd3 Rxd3 29. Rxd3 Ke7 30. Re3 Nd7 31. Nd4 g6 32. f4 Ra2+ 33. Kf3 Rd2 34. Nb5 Nc5 35. Rc3 Rb2 36. Nd4 f6 37. gxf6+ Kxf6 38. g4 g5 39. fxg5+ Kxg5 40. Re3 Kf6 41. g5+ Kf7 42. Kf4 Rd2 43. Nf3 Rb2 44. Ne5+ Kg7 45. Nd3 e5+ 46. Nxe5 Rxb3 47. Re1 b5 48. cxb5 Rxb5 49. Ra1 Ne6+ 50. Kf5 Nxg5 51. Rg1 Kh6 52. Rh1+ 1/2-1/2

[Event "Manila (ol)"]
[Site "?"]
[Date "1992.??.??"]
[Round "?"]
[White "Romanishin, O."]
[Black "Kveinys, A."]
[Result "1-0"]
[WhiteElo "2595"]
[BlackElo "2485"]
[PlyCount "93"]
[EventDate "1992.??.??"]
[Source "ChessBase"]
[SourceDate "1992.06.01"]

1. e4 c5 2. Nf3 e6 3. d3 Nc6 4. g3 d5 5. Qe2 Nf6 6. Bg2 Be7 7. O-O b6 8. e5 Nd7 9. c4 dxc4 10. dxc4 Bb7 11. Rd1 h6 12. Nc3 a6 13. b3 Qc7 14. Bb2 O-O-O 15. Nd5 exd5 16. cxd5 Rhe8 17. dxc6 Qxc6 18. Nh4 Qe6 19. Bxb7+ Kxb7 20. Ng2 Qc6 21. Qh5 f6 22. Qf7 fxe5 23. Qxg7 Qe6 24. Ne3 h5 25. Qh7 Nf6 26. Qf5 Bd6 27. Qf3+ Ka7 28. Qc6 Bb8 29. Qxe6 Rxd1+ 30. Rxd1 Rxe6 31. Rd8 b5 32. Rc8 Ne4 33. Rh8 Rc6 34. Rxh5 c4 35. bxc4 bxc4 36. Bxe5 Bxe5 37. Rxe5 Nc3 38. a3 Nb1 39. Nc2 Rd6 40. Re1 Nd2 41. Kg2 Kb6 42. h4 Rh6 43. Re5 c3 44. h5 Rd6 45. Re3 Nb1 46. g4 Kc5 47. g5 1-0